01143nam a2200241Ia 450000100060000000300090000600800410001504000130005604000130006904100130008210000150009510000280011024500820013824500820022025000110030226000110031326000230032426000490034730000550039650003800045165000390083165000310087079290IT-RoPAU130308s9999 xx 000 0 und d aIT-RoPAU cIT-RoPAU aSPAGNOLO aUrbez Luis gCodice Aut. SPICS: 250 aMedios de comunicacion: cine-la imagen cinematografica en su aspecto estatico bMedios de comunicacion: cine-la imagen Cinematografica En su Aspecto Estatico a1a ed. aMADRID bEdiciones Paulinas c1974 [1° Ed.:1974 - Ed.Ling.Originale:1974] a"48 p. (prefazione: no ; testo: 48 [pagine: 0-0])" aCorso per Corrispondenza Sui mezzi di Comunicazione Cinema immagine Cinematografica nel suo Aspetto Statico caratteristiche Fondamentali dell'Immagine Cinematografica Dinamismo Realismo Polivalenza e Tempo presente Elementi Essenziali dell'Immagine Cinematografica nel suo Aspetto Statico Inquadratura Angolazione Inclinazione Profondità di Campo Composizione Illuminazione aTEORIA DELLA COMUNICAZIONE SOCIALE eCodice materia Spics: 3802